000 00829nam a2200241 4500
001 174908
003 ES-MaACL
005 20230906215705.0
008 100628s1993 be ae |||| |dfre d
080 _a908(493.21 B.)
080 _a929 Leopoldo (493) II
100 1 _aLannoye, Christian.
_9143172
245 1 0 _aLéopold II à Bruxelles /
_cChristian Lannoye.
260 _aBrussels (Belgium) :
_bArtis-Historia,
_c[1993]
300 _a46 p. :
_bil. col., planos ;
_c27 cm.
490 1 _aParcours.
_aArtis-Historia
504 _aReferencias bibliográficas.
600 0 4 _aLeopoldo
_bII
_cRey de Bélgica.
_9143173
651 4 _aBruselas-
_xDescripción.
_9140971
830 0 _aParcours.
_aArtis-Historia
_9223809
852 4 _aES-MaACL
_j2279-F-20
_z. - Biblioteca Jacinto Martínez Lacalle
999 _c174908
_d174908